000 00501nam a2200181Ia 4500
005 20250508162937.0
008 008 250505s9999 xx 000 0 eng d
037 _aTextual
040 _aFEDL
_beng
_cFEDL
041 _aeng
_2eng
084 _aB, GAN
_qFEDL
100 _aNanda BR Ed.
_925602
245 0 _aMahatma Gandhi 125 years
260 _aNew Delhi, India
_bIndian Council for Cultural Relations
_c1995
300 _a427p.
942 _cTEXL
_hB, GAN
999 _c1379577
_d1379577